Miasta Województwa Podkarpackiego - Statystyki

Ogólne statystyki
  • Ten quiz został rozwiązany 88 razy
  • Średni wynik to 28 z 52
Statystyki odpowiedzi
Liczba
ludności
Nazwa % Poprawnych
197 536 Rzeszów
100%
56 466 Przemyśl
94%
44 198 Krosno
92%
55 500 Stalowa Wola
91%
44 012 Tarnobrzeg
91%
43 086 Dębica
88%
57 121 Mielec
88%
35 475 Jarosław
86%
32 936 Jasło
83%
17 626 Łańcut
82%
34 504 Sanok
82%
8 475 Ustrzyki Dolne
78%
12 733 Leżajsk
77%
8 524 Kolbuszowa
74%
14 532 Nisko
74%
14 597 Przeworsk
71%
15 828 Ropczyce
71%
12 376 Sędziszów Małopolski
69%
5 148 Lesko
66%
7 185 Brzozów
65%
11 354 Lubaczów
60%
1 552 Iwonicz-Zdrój
57%
8 431 Strzyżów
57%
6 258 Boguchwała
49%
10 487 Głogów Małopolski
48%
4 954 Zagórz
47%
6 017 Dynów
45%
10 397 Nowa Dęba
45%
1 971 Dukla
43%
4 982 Pilzno
43%
4 984 Radymno
43%
6 431 Rudnik nad Sanem
40%
4 316 Sokołów Małopolski
40%
3 556 Rymanów
39%
1 398 Baranów Sandomierski
35%
2 912 Kańczuga
34%
1 997 Narol
32%
2 089 Błażowa
31%
5 533 Jedlicze
30%
2 822 Oleszyce
30%
1 817 Przecław
30%
2 691 Brzostek
29%
1 830 Cieszanów
29%
2 009 Sieniawa
29%
4 516 Tyczyn
29%
1 363 Ulanów
29%
806 Dubiecko
26%
3 392 Radomyśl Wielki
25%
2 777 Zaklików
25%
5 450 Nowa Sarzyna
23%
3 638 Pruchnik
21%
1 384 Kołaczyce
19%
Nie znaleziono quizów pasujących do podanych kryteriów
Rozkład punktacji
Procent ludzi z każdym wynikiem
Percentyl według liczby udzielonych odpowiedzi
Twoja historia wyników
Nie rozwiązałeś tego quizu